000 00506nam a2200193Ia 4500
003 OSt
005 20251218144658.0
008 220923b |||||||| |||| 00| 0 ben d
037 _cTB
040 _aARTS
_cARTS
_bben
041 _2ben
_aben
084 _aO157,1N331x L3
_qAL
100 _aChattopadhyay
_9176213
245 0 _aPremer kavita
260 _c1973
650 _aBENGALI LITERATURE
_9857846
942 _hO157,1N331x, L3
_cTB
_2CC
_n0
999 _c442513
_d442513